| 000 | 01425nam0a22002531 4500 | ||
|---|---|---|---|
| 001 | rc\2655025 | ||
| 005 | 20250529192520.0 | ||
| 035 | _a(NLR Aleph) 006962330 | ||
| 090 |
_a5356998 _c5356998 |
||
| 100 | _a20110614d1929 |||y0rusy50 ca | ||
| 101 | 0 | _arus | |
| 102 | _aRU | ||
| 105 | _aa g ||||| | ||
| 200 | 1 |
_aСправочник для страхователей о порядке регистрации в страховых кассах, установления тарифов, исчисления и уплаты взносов на социальное страхование и заполнения листков нетрудоспособности _fТ.А. Кущук и И.М. Макушкин |
|
| 210 |
_aСамара _cСред.-Волж. обл. касса соц. страх. _d1929 _gтип. № 2 "Кр. октябрь" Самполиграфтреста |
||
| 215 |
_a159, 3 с., 1 вкл. л. схем. _cсхем. _d18х13 см |
||
| 320 | _aБиблиогр.: "Перечень справочных изданий использованных нами при составлении настоящего справочника и рекомендуемых для страхователей" (4 названия) | ||
| 700 | 1 |
_aКущук _bТ.А. |
|
| 701 | 1 |
_aМакушкин _bИ.М. |
|
| 801 | 0 |
_aRU _bNLR _gpsbo |
|
| 801 | 1 |
_aRU _bELAR _2rusmarc |
|
| 852 |
_aNLR _j78/347 |
||
| 942 | _cBOOK | ||
| 980 | _aNB | ||